000 02276nam0a2200361 i 4500
001 RU\NLR\bibl\2008649
005 20260406151945.0
010 _a9785769591402
_91000
021 _aRU
_b2013-38239
_92625
035 _a(NLR Aleph) 001997244
090 _a4308542
_c4308542
100 _a20130201d2013 u y0rusy50 ca
101 0 _arus
102 _aRU
105 _aa |||||||||
200 1 _aАвтомобили
_eтеория эксплуатационных свойств
_eучебник
_eдля студентов высших учебных заведений, обучающихся по направлению подготовки бакалавров "Эксплуатация транспортно-технологических машин и комплексов" (профили подготовки "Автомобили и автомобильное хозяйство" и "Автомобильный сервис")
_f[Иванов Андрей Михайлович, Нарбут Андрей Николаевич, Паршин Александр Сергеевич и др.]
_gпод ред. д.т.н., проф. А.М. Иванова
210 _aМосква
_cАкадемия
_d2013
215 _a170, [1] с.
_cил.
_d22
225 1 _aВысшее профессиональное образование
_iТранспорт
225 1 _aБакалавриат
300 _aАвт. указаны в вып. дан.
320 _aБиблиогр.: с. 169 (11 назв.)
606 1 _aАвтомобили
_jУчебники для высших учебных заведений
_xЭксплуатационные свойства
_92291768
_3RU\NLR\auth\661372503
686 _aО33-01я73-1
701 1 _4070
_7ca
_8rus
_aИванов
_bА. М.
_cд-р техн. наук, автомобили
_f1956-
_gАндрей Михайлович
_9104542
_3RU\NLR\AUTH\77121617
701 1 _4070
_7ca
_8rus
_aНарбут
_bА. Н.
_cд-р техн. наук
_f1930-
_gАндрей Николаевич
_9115599
_3RU\NLR\auth\775636
701 1 _aПаршин
_bА. С.
_gАлександр Сергеевич
_4070
801 0 _aRU
_bNLR
_c20130201
_gRCR
801 1 _aRU
_bNLR
_c20130201
942 _cBOOK
980 _aNBR